Literature - American Literature | 0 | 6 | 0 | 0 | 60 | 75 | 109.33 | 1 | 6 |
History - World History | 0 | 5 | 2 | 0 | 40 | 95 | 106.20 | 1 | 5 |
Beliefs | 0 | 4 | 1 | 1 | 35 | 94 | 128.50 | 0 | 4 |
Literature - European Literature | 0 | 3 | 0 | 2 | 30 | 128 | 133.00 | 0 | 3 |
World and Other Literature | 0 | 3 | 1 | 1 | 25 | 127 | 135.67 | 0 | 3 |
Other Arts: Visual | 1 | 1 | 0 | 0 | 25 | 42 | 74.50 | 2 | 2 |
Social Science | 0 | 3 | 1 | 1 | 25 | 96 | 115.00 | 0 | 3 |
Other Academic | 0 | 2 | 0 | 0 | 20 | 81 | 88.50 | 1 | 2 |
History - American History | 0 | 2 | 0 | 1 | 20 | 109 | 109.50 | 1 | 2 |
Geography | 0 | 2 | 0 | 1 | 20 | 95 | 115.50 | 1 | 2 |
Philosophy | 0 | 2 | 0 | 0 | 20 | 142 | 143.50 | 1 | 2 |
Fine Arts - Auditory Fine Arts | 0 | 2 | 1 | 0 | 15 | 133 | 146.00 | 0 | 2 |
Other Arts: Auditory | 0 | 1 | 0 | 0 | 10 | 116 | 116.00 | 0 | 1 |
History - European History | 0 | 1 | 0 | 1 | 10 | 142 | 142.00 | 0 | 1 |
Science - Biology | 0 | 1 | 0 | 1 | 10 | 142 | 142.00 | 0 | 1 |
Fine Arts - Visual Fine Arts | 0 | 1 | 1 | 1 | 5 | 137 | 137.00 | 0 | 1 |
Ancient History and Archaeology | 0 | 1 | 1 | 0 | 5 | 144 | 144.00 | 0 | 1 |
British and Commonwealth History | 0 | 0 | 0 | 0 | 0 | | 0.00 | 0 | 0 |
Literature - British Literature | 0 | 0 | 1 | 0 | -5 | | 0.00 | 0 | 0 |